Регионална библиотека "Любен Каравелов" - Русе

Малкият Никола (Запис номер 51733)

MARC детайли
000 -Лидер
Лидер 01298nam a2200313 c 4500
003 - Код на организацията, давaща контролен номер
Код на организацията, даваща контролен номер BLK
005 - Дата и час на последна редакция
Дата и час на последна редакция 20250715151754.0
008 - Елементи от данни с фиксирана дължина
Елементи с фиксирана дължина 180408b bul|||||r ||||||| ||bul||
010 ## - Наследен системен номер
LC control number KNG00055647000
020 ## - Международен стандартен номер на книга ISBN
ISBN 9789545299605
040 ## - Източник на каталожния запис
Код на библиотеката BLK
041 ## - Код за език
Език Български
Език за КДБФ Български
080 ## - УДК
УДК текст Френска литература
УДК код 821.133.1
УДК – определител -93-32
УДК – код + определител 821.133.1-93-32
100 1# - Редна дума - Автор
Автор Госини, Рьоне
R(LIN) 55312
245 10 - Сведения за заглавието
Заглавие Малкият Никола
Авторска отговорност Рьоне Госини ; ил. Жан-Жак Семпе ; прев. от фр. Венелин Пройков.
260 ## - Област на издателските данни
Място на издаване София
Име на издателя Колибри
Година на издаване 2011
Печатница София : Симолини
300 ## - Физическа характеристика
Брой страници 175 с.
Илюстрации с ил.
Размер 20 см
380 ## - Жанр
Жанр Детска худож. лит.
500 ## - Общи забележки
Обща забележка Ориг. загл. Le petit Nicolas / Goscinny Sempe. - 1 изд. 1982 на изд. Отечество в сер. Библиотека Смехурко ; 14.
700 1# - Други автори (авторска отговорност)
Друг автор Семпе, Жан-Жак
Авт. отговорност на др. автор ил.
9 (RLIN) 119652
700 1# - Други автори (авторска отговорност)
Друг автор Пройков, Венелин Йовков
Авт. отговорност на др. автор прев. от фр.
9 (RLIN) 250480
852 ## - Местоположение
Сигнатура (форматна) Цб 254302
852 ## - Местоположение
Отдел Детски отдел
Систематично-азбучна сигнатура 821-93/Г 70 Р
856 4# - Електронен адрес и достъп
Електронен формат pdf - файл
856 4# - Електронен адрес и достъп
Електронен формат pdf - файл
942 ## - АРТИКУЛИ
Вид на библиотечния документ Книги
Скрит в OPAC Не
Koha issues (borrowed), all copies 7
944 ## - СЪЗДАВАНЕ И РЕДАКЦИЯ на ЗАПИСА
Създаване/Редакция Създаване
Дата на регистрацията/редакция 06.01.2012
Номер на служител Силвия Димитрова
Служител, извършил регистрацията/редакцията 30538
999 ## - СИСТЕМНИ КОНТРОЛНИ НОМЕРА
Koha biblionumber 51733
Koha biblioitemnumber 51733
Наличности
Код за отписване Код за изгубен артикул Източник на класификационната схема Код за повреда Коз за рестрикции Код за отдаване Артикулен № Име на библиотеката - собственик Име на библиотеката, в която се намира в момента Статус (Текущо местоположение) Дата на вписване в системата Местоположение - отдел Цена в лева Инвентарен номер Систематично азбучна сигнатура Баркод Номер на екземпляра Цена в евро Служебна бележка Служебен тип на артикула
  Не е изгубен Universal Decimal Classification Не е повреден без рестрикции заемане за дома 81510 Регионална библиотека "Любен Каравелов" Русе Регионална библиотека "Любен Каравелов" Русе Детски отдел 2011-12-19 Детски отдел 9.00 120000755928 ДХ 820/899/Г 70 120000755928 1 4.60 Дост: Pk Вид: Ф N: 291 Дата: 15.12.2011 Книги
  Не е изгубен   Не е повреден без рестрикции ползва се в читалня 81511 Регионална библиотека "Любен Каравелов" Русе Регионална библиотека "Любен Каравелов" Русе Хранилище 2013-11-15 Хранилище 9.00 120000771590 Цб 254302 120000771590 2 4.60 Дост: Dp Вид: Д N: 43 Дата: 23.10.2012 Книги
  Не е изгубен Universal Decimal Classification Не е повреден без рестрикции заемане за дома 754749 Регионална библиотека "Любен Каравелов" Русе Регионална библиотека "Любен Каравелов" Русе Детски отдел 2020-01-29 Детски отдел 9.00   ДХ 820/899/Г 70 120000842029   4.60   Книги
  Не е изгубен Universal Decimal Classification Не е повреден   заемане за дома 950146 Регионална библиотека "Любен Каравелов" Русе Регионална библиотека "Любен Каравелов" Русе Детски отдел 2024-09-30 Детски отдел 10.00 120000913501 821-93/Г 70 Р 120000913501   5.11   Книги
Vip Innovations Ltd, Rousse, Bulgaria 2025